000 00291nam a2200121Ia 4500
008 220204s9999 xx 000 0 und d
082 _a037.98125
_bCHA
100 _aChaudhuri, M R
245 0 _aEconomic geography
250 _aEd.2
260 _aNew Delhi
_bOxford & IBH
_c1975
942 _cBK
999 _c27596
_d27596